The role of Islam in the legal system of Pakistan / (Record no. 590465)
[ view plain ]
| 000 -LEADER | |
|---|---|
| fixed length control field | 01288cam a2200337 a 4500 |
| 001 - CONTROL NUMBER | |
| control field | 14283688 |
| 005 - DATE AND TIME OF LATEST TRANSACTION | |
| control field | 20241113115928.0 |
| 008 - FIXED-LENGTH DATA ELEMENTS--GENERAL INFORMATION | |
| fixed length control field | 060302s2006 ne b 001 0 eng d |
| 010 ## - LIBRARY OF CONGRESS CONTROL NUMBER | |
| LC control number | 2006295539 |
| 020 ## - INTERNATIONAL STANDARD BOOK NUMBER | |
| International Standard Book Number | 9004149279 (hd.bd.) |
| 035 ## - SYSTEM CONTROL NUMBER | |
| System control number | (OCoLC)ocm61766601 |
| 040 ## - CATALOGING SOURCE | |
| Original cataloging agency | OHX |
| Transcribing agency | OHX |
| Modifying agency | BAKER |
| -- | UAB |
| -- | DLC |
| 042 ## - AUTHENTICATION CODE | |
| Authentication code | lccopycat |
| 043 ## - GEOGRAPHIC AREA CODE | |
| Geographic area code | a-pk--- |
| 050 00 - LIBRARY OF CONGRESS CALL NUMBER | |
| Classification number | KPL469.5 |
| Item number | .L38 2006 |
| 082 00 - DEWEY DECIMAL CLASSIFICATION NUMBER | |
| Classification number | 340.59095491 |
| Author Mark | LAU |
| 100 1# - MAIN ENTRY--PERSONAL NAME | |
| Personal name | Lau, Martin. |
| 9 (RLIN) | 94335 |
| 245 14 - TITLE STATEMENT | |
| Title | The role of Islam in the legal system of Pakistan / |
| Statement of responsibility, etc. | by Martin Lau. |
| 260 ## - PUBLICATION, DISTRIBUTION, ETC. | |
| Place of publication, distribution, etc. | Leiden ; |
| -- | Boston : |
| Name of publisher, distributor, etc. | M. Nijhoff, |
| Date of publication, distribution, etc. | c2006. |
| 300 ## - PHYSICAL DESCRIPTION | |
| Extent | viii, 247 p. ; |
| Dimensions | 25 cm. |
| 490 1# - SERIES STATEMENT | |
| Series statement | London-Leiden series on law, administration and development ; |
| Volume/sequential designation | v. 9 |
| 504 ## - BIBLIOGRAPHY, ETC. NOTE | |
| Bibliography, etc. note | Includes bibliographical references (p. 213-216) and index. |
| 650 #0 - SUBJECT ADDED ENTRY--TOPICAL TERM | |
| Topical term or geographic name entry element | Islamic law |
| Geographic subdivision | Pakistan. |
| 9 (RLIN) | 94071 |
| 650 #0 - SUBJECT ADDED ENTRY--TOPICAL TERM | |
| Topical term or geographic name entry element | Law |
| Geographic subdivision | Pakistan. |
| 9 (RLIN) | 55427 |
| 650 #0 - SUBJECT ADDED ENTRY--TOPICAL TERM | |
| Topical term or geographic name entry element | NLS2024, NLSTEXTBOOKS, NLSEBOOKBANK |
| 830 #0 - SERIES ADDED ENTRY--UNIFORM TITLE | |
| Uniform title | London-Leiden series on law, administration and development ; |
| Volume/sequential designation | 9. |
| 9 (RLIN) | 94336 |
| 856 ## - ELECTRONIC LOCATION AND ACCESS | |
| Uniform Resource Identifier | <a href="http://10.250.8.41:8080/xmlui/handle/123456789/47914">http://10.250.8.41:8080/xmlui/handle/123456789/47914</a> |
| 906 ## - LOCAL DATA ELEMENT F, LDF (RLIN) | |
| a | 7 |
| b | cbc |
| c | copycat |
| d | 2 |
| e | ncip |
| f | 20 |
| g | y-gencatlg |
| 942 ## - ADDED ENTRY ELEMENTS (KOHA) | |
| Source of classification or shelving scheme | |
| Koha item type | Book |
| Withdrawn status | Lost status | Source of classification or shelving scheme | Damaged status | Not for loan | Permanent Location | Current Location | Shelving location | Date acquired | Source of acquisition | Full call number | Barcode | Date last seen | Price effective from | Koha item type | Total Checkouts |
|---|---|---|---|---|---|---|---|---|---|---|---|---|---|---|---|
| NUST Law School (NLS) | NUST Law School (NLS) | Law | 07/21/2022 | Pakistan Law House | 340.59095491 LAU | CL-1096 | 07/21/2022 | 07/21/2022 | Book | ||||||
| NUST Law School (NLS) | NUST Law School (NLS) | 03/03/2025 | 340.59095491 LAU | NLS-450 | 03/03/2025 | 03/03/2025 | Book | ||||||||
| NUST Law School (NLS) | NUST Law School (NLS) | 03/03/2025 | 340.59095491 LAU | NLS-451 | 03/03/2025 | 03/03/2025 | Book | ||||||||
| NUST Law School (NLS) | NUST Law School (NLS) | 03/03/2025 | 340.59095491 LAU | NLS-452 | 03/03/2025 | 03/03/2025 | Book | ||||||||
| NUST Law School (NLS) | NUST Law School (NLS) | 06/25/2025 | Pakistan Law House | 340.59095491 LAU | NLS-1945 | 06/25/2025 | 06/25/2025 | Book | |||||||
| NUST Law School (NLS) | NUST Law School (NLS) | 06/25/2025 | Pakistan Law House | 340.59095491 LAU | NLS-1946 | 06/25/2025 | 06/25/2025 | Book | |||||||
| NUST Law School (NLS) | NUST Law School (NLS) | 06/25/2025 | Pakistan Law House | 340.59095491 LAU | NLS-1947 | 06/25/2025 | 06/25/2025 | Book | |||||||
| NUST Law School (NLS) | NUST Law School (NLS) | 07/03/2025 | 340.59095491 LAU | NLS-3126 | 07/03/2025 | 07/03/2025 | Book | ||||||||
| NUST Law School (NLS) | NUST Law School (NLS) | 07/03/2025 | 340.59095491 LAU | NLS-3127 | 07/03/2025 | 07/03/2025 | Book |
